| 000 | 00737nam a2200145 4500 | ||
|---|---|---|---|
| 008 | 240624b |||||||| |||| 00| 0 eng d | ||
| 082 |
_a363.349 _bPRO |
||
| 245 |
_aProtection of internally displaced persons in situations of natural disaster: _ba working visit to Asia by the representative of the United Nations Secretary-General on the human rights of internally displaced persons Walter Kalin 27 Feb. to 5 March 2005 |
||
| 260 |
_aGeneva: _bOffice of the United Nations High Commissioner for human rights, _c2005 |
||
| 300 |
_a31 p. _bbibliography included |
||
| 650 | _aINTERNALLY DISPLACED PERSONS | ||
| 650 | _aNatural disasters-IDPs | ||
| 856 | _uhttps://www.brookings.edu/wp-content/uploads/2016/06/200504_tsunami.pdf | ||
| 942 | _cRP | ||
| 999 |
_c4941 _d4941 |
||